Питомник площадью 100 га с орошением с отделениями зеленого черенкования и выращивания посадочного материала под полиэтиленовой пленкой для зоны смешанных лесов РСФСР (Запись № 6638197)

Подробности
000 -МАРКЕР
контрольное поле 01437nam1a22002291i 4500
001 - ИДЕНТИФИКАТОР ЗАПИСИ
контрольное поле rc\3569413
005 - ИДЕНТИФИКАТОР ВЕРСИИ
контрольное поле 20260408073005.0
035 ## - ДРУГИЕ СИСТЕМНЫЕ НОМЕРА
Идентификатор записи (NLR Aleph) 007690702
100 ## - ДАННЫЕ ОБЩЕЙ ОБРАБОТКИ
Данные общей обработки 20130115d1974 |||y0rusy50 ca
101 0# - ЯЗЫК РЕСУРСА
Язык текста, звукозаписи и т.д. русский
102 ## - СТРАНА ПУБЛИКАЦИИ ИЛИ ПРОИЗВОДСТВА
Страна публикации Российская Федерация
105 ## - ПОЛЕ КОДИРОВАННЫХ ДАННЫХ: ТЕКСТОВЫЕ МАТЕРИАЛЫ, МОНОГРАФИЧЕСКИЕ
Кодированные данные о монографическом текстовом документе y z |||||
200 1# - ЗАГЛАВИЕ И СВЕДЕНИЯ ОБ ОТВЕТСТВЕННОСТИ
Основное заглавие Питомник площадью 100 га с орошением с отделениями зеленого черенкования и выращивания посадочного материала под полиэтиленовой пленкой для зоны смешанных лесов РСФСР
Сведения, относящиеся к заглавию Типовой проект
-- Утв. 17/VIII 1973 г.
-- [В 3 кн.]
-- Кн. 2-
Первые сведения об ответственности Гослесхоз СССР. Всесоюз. гос. проектно-изыскат. ин-т "Союзгипролесхоз"
210 ## - ПУБЛИКАЦИЯ, РАСПРОСТРАНЕНИЕ И ДР.
Место издания, распространения и т.д. Москва
Имя издателя, распространителя и т. д. Б. и.
Дата издания, распространения и т.д. 1974
215 ## - ФИЗИЧЕСКАЯ ХАРАКТЕРИСТИКА
Размеры 28
532 11 - РАСШИРЕННОЕ ЗАГЛАВИЕ
Заглавие Питомник площадью сто гектаров с орошением с отделениями зеленого черенкования и выращивания посадочного материала под полиэтиленовой пленкой для зоны смешанных лесов РСФСР
712 01 - НАИМЕНОВАНИЕ ОРГАНИЗАЦИИ - ВТОРИЧНАЯ ОТВЕТСТВЕННОСТЬ
Начальный элемент ввода СССР
Структурное подразделение Комитет по лесному хозяйству
Идентификатор авторитетной/нормативной записи RU\NLR\AUTH\8810063286
Системный номер авторитетной/нормативной записи 628174
801 #0 - ИСТОЧНИК ЗАПИСИ
Страна Российская Федерация
Организация NLR
Правила каталогизации psbo
801 #1 - ИСТОЧНИК ЗАПИСИ
Страна Российская Федерация
Организация ELAR
Источник данных rusmarc
852 ## - МЕСТОНАХОЖДЕНИЕ И ШИФР ХРАНЕНИЯ
Идентификатор организации NLR
Шифр хранения (Call Number) 74-8/1164
942 ## - ДОПОЛНИТЕЛЬНЫЕ ЭЛЕМЕНТЫ ЗАПИСИ (АБИС)
Тип экземпляра АБИС Книга

Нет доступных экземпляров.